| 000 | 00541nam a2200217Ia 4500 | ||
|---|---|---|---|
| 005 | 20250425162720.0 | ||
| 008 | 250425s9999 xx 000 0 und d | ||
| 020 | _a9978771034 | ||
| 041 | _aspa | ||
| 082 | _a343.04 | ||
| 100 | _aBENAVIDES BENALCAZAR, MERCK | ||
| 245 | 0 | _aTEORIA Y PRACTICA TRIBUTARIA EN EL ECUADOR | |
| 250 | _aS.E. | ||
| 260 |
_aEcuador _bPUCE _c2003 |
||
| 260 | _aGUAYAQUIL | ||
| 300 | _a267 | ||
| 650 | _aDERECHO TRIBUTARIO-ECUADOR | ||
| 650 | _aIMPUESTOS SOBRE LA RENTA | ||
| 942 | _c01 | ||
| 010 | _a102507 | ||
| 999 |
_c234987 _d234987 |
||